The Greatest Lead Singers of All Time - Statistics

General Stats
  • This quiz has been taken 88 times
    66 since last reset
  • The average score is 22 of 50
Answer Stats
Rank Hint : Songs from the band Lead Singer % Correct
5 In Bloom, Heart Shaped Box, Polly,... Kurt Cobain
89%
10 Civil War, Paradise City, Don't Cry Axl Rose
87%
3 Fat Bottomed Girls, Under pressure,... Freddie Mercury
85%
39 Eleanor Rigby, Let It Be, Come Together, Blackbird,... Paul McCartney
81%
1 Angie, Honky Tonk Women,... Mick Jagger
80%
32 Iron Man, N.I.B, Children of the Grave,... Ozzy Osbourne
80%
18 Seven Nation Army, St. James Infirmary Blues,... Jack White
78%
4 Kashmir, Black Dog, Dazed and Confused Robert Plant
78%
14 Walk This Way, Crazy, Dude (Looks Like A Lady),... Steven Tyler
76%
7 Heart of Glass, Hanging on the Telephone,... Debbie Harry
70%
22 Alive, Jeremy, Even Flow,... Eddie Vedder
69%
2 The Chain, Seven Wonders, Landslide,... Stevie Nicks
69%
37 Don't Speak, It's my Life, Just a Girl,... Gwen Stefani
67%
20 Jump, Panama, Hot for Teacher,... David Lee Roth
65%
41 Don't Look Back in Anger, Champagne Supernova,... Liam Gallagher
65%
16 Drive, Losing my Religion, Everybody Hurts,... Michael Stipe
63%
12 Pinball Wizard, Baba O' Riley, Eminence Front,... Roger Daltrey
63%
9 Beautiful Day, Angel of Harlem,... Bono
61%
25 Summertime, Piece of My Heart, Me and Bobby Mcgee,... Janis Joplin
61%
17 Black Hole Sun, Fell On Black Days,... Chris Cornell
57%
48 The Pretender, My Hero, Everlong,... Dave Grohl
57%
30 Don't Stop Believin', Separate Ways (World's Apart),... Steve Perry
56%
6 Burning Down the House, Road to Nowhere,... David Byrne
52%
36 Should I Stay or Should I Go, Rock the Casbah,... Joe Strummer
52%
11 A Forest, Disintegration, Just Like Heaven,... Robert Smith
52%
28 Dani California, Can't Stop, Dark Necessities,... Anthony Kiedis
50%
26 Paranoid Android, Jigsaw Falling into Pieces,... Thom Yorke
44%
38 I wanna Be Your Dog, No Fun,... Iggy Pop
41%
21 Roadhouse Blues, Peace Frog, Five to One Jim Morrison
41%
29 Barracuda,Crazy on You, These Dreams,... Ann Wilson
37%
34 Numb, What I've Done, One Step Closer,... Chester Bennington
37%
15 I'll Stand by You, Brass in Pocket,... Chrissie Hynde
37%
35 White Rabbit, Somebody to Love Grace Slick
35%
43 Celebrity Skin, Violet, Petals,... Courtney Love
31%
27 Run Run Run, Sunday Morning, Venus in Furs,... Lou Reed
26%
50 Spirit of the radio, Killing In the Name,... Zack de la Rocha
24%
42 Sugar, Toxicity, Chop Suey,... Serj Tankian
22%
13 Misery Business, Still Into You,... Hayley Williams
19%
44 Casey Jones, Ripple, Althea,... Jerry Garcia
17%
23 Heads Will Roll, Maps, Gold Lion,... Karen O
9%
40 Don't Wanna Fight, Hold On,... Brittany Howard
7%
8 Maggot Brain, Biological Speculation,... George Clinton
7%
47 Can't Hardly Wait, I Will Dare, Bastards of Young,... Paul Westerberg
6%
46 Germfree Adolescence, Identity, I Am a Poseur Poly Styrene
6%
45 Love Rear Its Ugly head, Cult of Personality,... Corey Glover
4%
33 De Musica Ligera, Persiana Americana,... Gustavo Cerati
2%
19 Rebel Girl, Double Dare Ya,... Kathleen Hanna
2%
24 Fever, Breaking the Law, Electric Eye,... Judas Priest
0%
31 I Was a Teenage Anarchist, Thrash Unreal,... Laura Jane Grace
0%
49 Eres, Como te extraño mi amor,... Rubén Albarran
0%
No matching quizzes found
Score Distribution
Percent of People with Each Score
Percentile by Number Answered
Your Score History
You have not taken this quiz since the last reset